Women empowerment in conflict zone (Record no. 331406)
[ view plain ]
| 000 -LEADER | |
|---|---|
| fixed length control field | nam a22 7a 4500 |
| 003 - CONTROL NUMBER IDENTIFIER | |
| control field | NUST |
| 005 - DATE AND TIME OF LATEST TRANSACTION | |
| control field | 20170926164426.0 |
| 008 - FIXED-LENGTH DATA ELEMENTS--GENERAL INFORMATION | |
| fixed length control field | 170926b xxu||||| |||| 00| 0 eng d |
| 040 ## - CATALOGING SOURCE | |
| Transcribing agency | NUST |
| 082 ## - DEWEY DECIMAL CLASSIFICATION NUMBER | |
| Classification number | 351 |
| 100 ## - MAIN ENTRY--PERSONAL NAME | |
| Personal name | Ali,Fariha, Shahid,Mahrukh, Yousuf,Eeman, Khalid,Haneen, & Rafiq,Fatimah |
| 9 (RLIN) | 5026 |
| 245 ## - TITLE STATEMENT | |
| Title | Women empowerment in conflict zone |
| 300 ## - PHYSICAL DESCRIPTION | |
| Extent | 77p |
| 942 ## - ADDED ENTRY ELEMENTS (KOHA) | |
| Source of classification or shelving scheme | |
| Koha item type | Thesis |
| Withdrawn status | Lost status | Source of classification or shelving scheme | Damaged status | Not for loan | Collection code | Permanent Location | Current Location | Shelving location | Date acquired | Total Checkouts | Full call number | Barcode | Date last seen | Price effective from | Koha item type |
|---|---|---|---|---|---|---|---|---|---|---|---|---|---|---|---|
| Central Library (CL) | Central Library (CL) | Thesis | 09/26/2017 | 351 BPA | S3H-T-175 | 09/26/2017 | 09/26/2017 | Thesis |
